A Man like Job (Record no. 9215)
[ view plain ]
| 000 -LEADER | |
|---|---|
| fixed length control field | 00569nam a22002057a 4500 |
| 008 - FIXED-LENGTH DATA ELEMENTS--GENERAL INFORMATION | |
| fixed length control field | 220413b ||||| |||| 00| 0 eng d |
| 017 ## - LEGAL DEPOSIT NUMBER | |
| Legal deposit number | 2019-2199 |
| 020 ## - INTERNATIONAL STANDARD BOOK NUMBER | |
| ISBN | 978978562215 |
| 040 ## - CATALOGING SOURCE | |
| Original cataloging agency | NLN |
| Language of cataloging | English |
| Modifying agency | NLN |
| 100 ## - MAIN ENTRY--AUTHOR | |
| Author | IZUNDU, Agu Obiageli |
| Relator term | aut |
| 245 ## - TITLE STATEMENT | |
| Title | A Man like Job |
| Statement of responsibility, etc | Obiageli Aguy Izundu |
| 260 ## - PUBLICATION, DISTRIBUTION, ETC. (IMPRINT) | |
| Place of publication | Enugu State (126 Zik Avenue Uwani): |
| Name of publisher | Ezu books, |
| Date of publication | 2018 |
| 300 ## - COLLATION | |
| Pagination | x, 88p.; |
| Other physical details | 18cm. |
| 563 ## - BINDING INFORMATION | |
| Binding note | pbk |
| 650 ## - TRACINGS | |
| Main Subject | Job |
| Subdivision (1st) | Biblical figure |
| 856 ## - ELECTRONIC LOCATION AND ACCESS | |
| URL | www.ezubooks.com |
| 942 ## - ADDED ENTRY ELEMENTS (KOHA) | |
| Item type | Books |
| 050 ## - LIBRARY OF CONGRESS CALL NUMBER | |
| Classification number | BS580.I5. |
| Item number | I98 |
| 082 ## - DEWEY DECIMAL CLASSIFICATION NUMBER | |
| Classification number | 223.1 |
| Source of classification or shelving scheme | Not for loan | Home library | Current library | Date acquired | Accession No. | Full call number | Barcode. | Copy number | Koha item type |
|---|---|---|---|---|---|---|---|---|---|
| Library of Congress Classification | UYO BRANCH | National Library of Nigeria | 13/04/2022 | 239762 | BS580.I5 I98 | 2022-2213 | 1 | Books | |
| Library of Congress Classification | OSOGBO BRANCH | National Library of Nigeria | 13/04/2022 | 239761 | BS580.I5 I98 | 2022-2214 | 1 | Books | |
| Library of Congress Classification | SOKOTO BRANCH | National Library of Nigeria | 13/04/2022 | 239760 | BS580.I5 I98 | 2022-2215 | 1 | Books |
